A book of seasons / (Record no. 5906)

MARC details
000 -LEADER
fixed length control field 01032cam a2200337 i 4500
001 - CONTROL NUMBER
control field 5906
003 - CONTROL NUMBER IDENTIFIER
control field FISKH
005 - DATE AND TIME OF LATEST TRANSACTION
control field 20251202162451.0
008 - FIXED-LENGTH DATA ELEMENTS--GENERAL INFORMATION
fixed length control field 760916s1976 nyua j 000 0 eng
010 ## - LIBRARY OF CONGRESS CONTROL NUMBER
LC control number 75036470
020 ## - INTERNATIONAL STANDARD BOOK NUMBER
International Standard Book Number 0394832426 :
040 ## - CATALOGING SOURCE
Original cataloging agency DLC
Transcribing agency DLC
Modifying agency DLC
Language of cataloging eng
050 ## - LIBRARY OF CONGRESS CALL NUMBER
Classification number QB631.P76
082 ## - DEWEY DECIMAL CLASSIFICATION NUMBER
Classification number 574.543
100 1# - MAIN ENTRY--PERSONAL NAME
Personal name Provensen, Alice.
245 12 - TITLE STATEMENT
Title A book of seasons /
Statement of responsibility, etc. Alice and Martin Provensen.
250 ## - EDITION STATEMENT
Edition statement First Scholastic printing, September 1998
260 ## - PUBLICATION, DISTRIBUTION, ETC.
Place of publication, distribution, etc. New York :
Name of publisher, distributor, etc. Scholastic,
Date of publication, distribution, etc. 1982
300 ## - PHYSICAL DESCRIPTION
Extent 32 unnumbered pages :
Other physical details color illustrations ;
Dimensions 21 cm
490 0# - SERIES STATEMENT
Series statement A Random House pictureback
505 ## - FORMATTED CONTENTS NOTE
Formatted contents note H<br/>
520 ## - SUMMARY, ETC.
Summary, etc. An easy-to-read description of the continuously changing seasons.
521 8# - TARGET AUDIENCE NOTE
Target audience note 440<br/>
Source Lexile AD<br/>
521 8# - TARGET AUDIENCE NOTE
Target audience note H <br/>
Source Raz-Plus<br/><br/>
650 #0 - SUBJECT ADDED ENTRY--TOPICAL TERM
Topical term or geographic name entry element Seasons
Form subdivision Juvenile literature.
650 #1 - SUBJECT ADDED ENTRY--TOPICAL TERM
Topical term or geographic name entry element Seasons.
700 1# - ADDED ENTRY--PERSONAL NAME
Personal name Provensen, Martin,
Relator term joint author.
906 ## - LOCAL DATA ELEMENT F, LDF (RLIN)
a 7
b cbc
c orignew
d u
e ocip
f 19
g y-gencatlg
942 ## - ADDED ENTRY ELEMENTS (KOHA)
Source of classification or shelving scheme Dewey Decimal Classification
Koha item type Books
Suppress in OPAC No
Holdings
Withdrawn status Lost status Source of classification or shelving scheme Damaged status Not for loan Collection Home library Current library Shelving location Date acquired Total Checkouts Full call number Barcode Date last seen Copy number Price effective from Koha item type Date last checked out
    Dewey Decimal Classification     Juvenile Fiction Footprints International School Library Network Toul Kork Campus Footprints International School Library Network Toul Kork Campus TK Primary Library Room(4th Floor), Bookcase 7, Shelves 57-60, Dark Green Books 02/03/2025   PRO 574.543 QB631.P76 FISBK05319 02/03/2025 1 02/03/2025 Books  
    Dewey Decimal Classification     Juvenile Fiction Footprints International School Library Network Toul Kork Campus Footprints International School Library Network Toul Kork Campus TK Primary Library Room(4th Floor), Bookcase 7, Shelves 57-60, Dark Green Books 04/23/2025 1 PRO 574.543 QB631.P76 FISTK04328 05/21/2025 2 04/23/2025 Books 05/07/2025
    Dewey Decimal Classification     Juvenile Fiction Footprints International School Library Network Toul Tom Poung Campus Footprints International School Library Network Toul Tom Poung Campus TTP Primary Green Bookshelves 06/20/2025   PRO 574.543 QB631.P76 FIS01916 06/20/2025 3 06/20/2025 Books  
    Dewey Decimal Classification     Juvenile Fiction Footprints International School Library Network Toul Tom Poung Campus Footprints International School Library Network Toul Tom Poung Campus TTP Primary Green Bookshelves 12/02/2025   PRO 574.543 QB631.P76 2025-5005 12/02/2025 4 12/02/2025 Books